A-Z Wikipedia Famous Person Quiz - Dansk - Statistics

General Stats
  • This quiz has been taken 113 times
  • The average score is 11 of 26
Answer Stats
A-Z Clue / Spor Who? Hvem? % Correct
A tysk politiker, senere diktator (1889-1945) Adolf Hitler
95%
C portugisisk fodboldspiller (1985-) Cristiano Ronaldo
80%
J central figur i Kristendommen Jesus
78%
H dansk eventyrforfatter (1805-1875) Hans Christian Andersen
71%
D dansk skuespiller og komiker (1926-1980) Dirch Passer
66%
F konge af Danmark og Norge (1768-1839) Frederik 6.
66%
M Danmarks dronning (1940-) Margrethe 2.
66%
K dansk musiker (1945-2018) Kim Larsen
58%
O saudiarabisk terrorist og grundlæggeren af det terrornetværk al-Qaeda (1957-2011) Osama bin Laden
56%
E amerikansk sanger (1935-1977) Elvis Presley
47%
B USA’s 44. præsident (1961-) Barack Obama
46%
P dansk morder (1972-) Peter Lundin
44%
Y dansk digiter (1995-2020) Yahya Hassan
43%
I dansk politiker (1973-) Inger Støjberg
35%
S dansk fodboldspiller (1989-) Simon Kjær
33%
W britisk politiker og statsmand (1874-1965) Winston Churchill
33%
R dansk højreradikalt politiker og advokat (1982-) Rasmus Paludan
32%
Q amerikansk filminstruktør, manuskriptforfatter og skuespiller (1963-) Quentin Tarantino
24%
X dansk sanger og sangskriver (1988-) Xander
24%
U dansk skuespiller (1940-) Ulf Pilgaard
23%
V Konge af Danmark (1170-1241) Valdemar Sejr
22%
T amerikansk rapmusiker og skuespiller (1971-1996) Tupac Shakur
16%
L amerikansk sanger, sangskriver og skuespiller (1986-) Lady Gaga
10%
N dansk politiker og debattør (1963-) Naser Khader
9%
G italiensk komponist (1792-1868) Gioacchino Rossini
1%
Z svensk fodboldspiller (1981-) Zlatan Ibrahmović
0%
No matching quizzes found
Score Distribution
Percent of People with Each Score
Percentile by Number Answered
Your Score History
You have not taken this quiz